Statystyki dla Quiz o Mistrzostwach Świata w Piłce Nożnej

Kliknij tutaj aby rozwiązać quiz!

Ogólne statystyki

  • Ten quiz został rozwiązany 1 490 razy
  • Średni wynik to 9 z 15

Statystyki odpowiedzi

ZagadnienieOdpowiedź% Poprawnych
Który Kraj będzie debiutował na Mistrzostwach Świata 2022?Katar
94%
Który, kraj ma najwięcej tytułów Mistrzostw Świata?Brazylia
93%
Gdzie odbędą się Mistrzostwa Świata w 2026 roku?USA, Kanada, Meksyk
91%
Kto Wygrał Pierwsze Mistrzostwa Świata w 1930 roku?Urugwaj
88%
Jaki jest jedyny kraj, który wystąpił na wszystkich Mistrzostwach Świata?Brazylia
82%
Gdzie odbyły się Mistrzostwa Świata w 1994 roku?USA
62%
W którym roku Anglia wygrała Mistrzostwa Świata?1966
59%
Kto Jest Najlepszym Strzelcem W historii Mistrzostw Świata?Miroslav Klose
58%
Jaki jest najmłodszy zdobywca gola w historii świataPele
54%
Kto zdobył złotego buta na Mistrzostwach Świata 2018?Harry Kane
50%
Mundial w Katarze Będzie dla Polski?9 Mundialem
46%
Jaki piłkarz ma najwięcej występów w historii Mistrzostw Świata?Lothar Matthaus
36%
Jakie jest najwyższe zwycięstwo w historii Mistrzostwa Świata?Węgry vs Salwador 1982
33%
Kto asystował przy zwycięskim golu Andresa Iniesty w Finale Mistrzostw Świata 2010?Cesc Fabregas
28%
Kto strzelił najwięcej goli na jednym turnieju Mistrzostw Świata?Just Fontaine
26%

Rozkład punktacji

Percentyl według liczby udzielonych odpowiedzi

Procent ludzi z każdym wynikiem

Twoja historia wyników

Nie rozwiązałeś tego quizu